Word Lattice II Quiz Stats

Quiz Updated Apr 15, 2016

Also try: Word Lattice
Challenge
Share
Tweet
Embed
Score 0/50 Timer 03:00
0 Plays Today
% Correct
97.3%
97.3%
97.3%
97.3%
Lattice-like dainty fabric
97.3%
97.3%
97.3%
97.3%
97.3%
Nits in your hair
90.9%
Be in need of
90.9%
100 meter hurdles, e.g.
90.9%
Not on time
90.7%
Narrow strip of wood
90.2%
LATE
88.3%
Paddy-grown grain
88.2%
LACE
87.7%
2 points determine this
87.1%
Cubes for craps
86.7%
Casablanca café owner
86.6%
Comics' ___ Tracy
84.1%
___, stock and barrel
83.1%
RICE
82.9%
RACE
82.9%
Hickory Dickory ___
82.5%
% Correct
LICE
81.5%
DOCK
80.7%
___ Ness Monster
80.7%
Reanimated corpse
80.1%
DICE
79.6%
LOCK
79%
DICK
78.7%
LOCH
78%
Legend of Zelda hero
75.8%
Zamboni location
75.6%
Emit coherent light
72.4%
Beatles' 'Penny ___'
69.5%
RICK
67.4%
LACK
65.5%
RINK
64.4%
LANE
63.7%
LINE
60.2%
LINK
56.4%
Artist's print (abbr.)
54.6%
Eyelid hair
52.3%
LASH
46.7%
LATH
40.7%
LASE
34.6%
LICH
24.2%
LITH
23.1%

You're not logged in!

Compare scores with friends on all Sporcle quizzes.
Join for Free
OR
Log In

You Might Also Like...

Show Comments

Extras

Top Quizzes Today


Score Distribution

Your Account Isn't Verified!

In order to create a playlist on Sporcle, you need to verify the email address you used during registration. Go to your Sporcle Settings to finish the process.

Report this User

Report this user for behavior that violates our Community Guidelines.

Details: